Criteria of significance assessment for the cultural heritage involving local community participation in Medan, Indonesia /
Saved in:
| 主要作者: | |
|---|---|
| 格式: | Thesis 圖書 |
| 語言: | English |
| 出版: |
2019.
|
| 主題: | |
| 標簽: |
添加標簽
沒有標簽, 成為第一個標記此記錄!
|
| LEADER | 01272cam a2200313 i 4500 | ||
|---|---|---|---|
| 001 | u1125073 | ||
| 003 | SIRSI | ||
| 005 | 201910221143 | ||
| 008 | 191022s2019 my a t 000 0 eng | ||
| 040 | |a UMAB |e rda | ||
| 043 | |a a-io--- | ||
| 097 | |a NA2520 |b UMP 2019 Fit | ||
| 100 | 1 | |a Fitri, Isnen,, |e author | |
| 245 | 1 | 0 | |a Criteria of significance assessment for the cultural heritage involving local community participation in Medan, Indonesia / |c Isnen Fitri. |
| 264 | 1 | |c 2019. | |
| 264 | 4 | |c 2019. | |
| 300 | |a xxiv, 381 leaves : |b illustrations ; |c 30 cm + 1 computer disc ; |c 12 cm. | ||
| 336 | |a text |2 rdacontent | ||
| 337 | |a unmediated |2 rdamedia | ||
| 338 | |a volume |2 rdacarrier | ||
| 502 | |a Thesis (Ph.D) |c Jabatan Seni Bina, Fakulti Alam Bina, Universiti Malaya, |d 2019. | ||
| 504 | |a Bibliography : |b leaves 264-276. | ||
| 650 | 0 | |a Cultural property |x Protection. | |
| 650 | 0 | |a Heritage tourism |z Indonesia. | |
| 710 | 2 | |a Universiti Malaya. |b Jabatan Seni Bina, |e degree granting institution. | |
| 900 | |a HF | ||
| 596 | |a 11 | ||
| 999 | |a NA2520 UMP 2019 FIT |w LC |c 1 |i A517160892 |f 22/2/2021 |g 1 |l STACKS |m P11ALMBINA |r Y |s Y |t TESIS |u 22/10/2019 | ||
| 999 | |a NA2520 UMP 2019 FIT |w LC |c 2 |i A517357736 |d 17/6/2022 |e 17/6/2022 |f 22/4/2021 |g 1 |l COUNTER |m P11ALMBINA |n 1 |r Y |s Y |t CD |u 22/4/2021 | ||
